Normal view MARC view
  • Kabamba, Pierre T.

Entry Personal Name

Number of records used in: 1

001 - CONTROL NUMBER

  • control field: 110697

003 - CONTROL NUMBER IDENTIFIER

  • control field: NUST

005 - DATE AND TIME OF LATEST TRANSACTION

  • control field: 20230320154520.0

008 - FIXED-LENGTH DATA ELEMENTS

  • fixed length control field: 230320|| aca||aabn | a|a d

040 ## - CATALOGING SOURCE

  • Original cataloging agency: NUST
  • Transcribing agency: NUST

100 ## - HEADING--PERSONAL NAME

  • Personal name: Kabamba, Pierre T.

670 ## - SOURCE DATA FOUND

  • Source citation: Work cat.: (NUST)0: Kabamba, Pierre T., author., Fundamentals of aerospace navigation and guidance /
© 2023 Central Library, National University of Sciences and Technology. All Rights Reserved.